Star Wars: All-Terrain Walkers - Statistics

General Stats
  • This quiz has been taken 97 times
    55 since last reset
  • The average score is 30 of 68
Answer Stats
Hint Answer % Correct
Galactic Empire All Terrain Armored Transport
98%
Galactic Empire All Terrain Armored Transport (Prototype)
98%
Galactic Empire AT-AT
98%
Galactic Empire AT-AT/P
98%
Galactic Empire Elite AT-AT
98%
First Order First Order All Terrain Armored Transport
98%
Galactic Empire All Terrain Scout Transport
91%
Unaffiliated All Terrain Scout Transport/Assault
91%
Galactic Empire AT-ST
91%
Unaffiliated AT-ST/A
91%
Galactic Empire AT-ST Mark III
91%
Klatooinian Raiders AT-ST Raider
91%
Galactic Empire Enhanced AT-ST Walker
91%
First Order First Order All Terrain Scout Transport
91%
Galactic Republic All Terrain Tactical Enforcer
84%
Galactic Republic AT-TE
84%
Galactic Republic Elite AT-TE
84%
Galactic Republic All Terrain Reconnaissance Transport
72%
Galactic Republic AT-RT
72%
Galactic Empire All Terrain Armored Cannon
58%
Galactic Empire AT-AC
58%
Galactic Republic All Terrain Attack Pod
56%
Galactic Empire All Terrain Defense Pod
56%
First Order All Terrain MegaCaliber Six
56%
Galactic Republic AT-AP
56%
Galactic Empire AT-DP
56%
Galactic Empire AT-DP Arc Cannon Prototype
56%
First Order AT-M6
56%
Galactic Republic Enhanced AT-AP Walker
56%
Galactic Republic All Terrain Open Transport
53%
Galactic Republic AT-OT
53%
Galactic Empire All Terrain Armored Cargo Transport
44%
Galactic Empire AT-ACT
44%
Galactic Empire All Terrain Personal Transport
35%
Galactic Empire AT-PT
35%
Galactic Empire All Terrain Anti Aircraft
26%
Galactic Empire AT-AA
26%
Galactic Empire All Terrain Defense Turret
21%
First Order All Terrain Heavy Hauler
21%
Galactic Empire AT-DT
21%
First Order AT-HH
21%
All Terrain Ewok Transport
19%
Unaffiliated All Terrain Exploration Transport
19%
Unaffiliated AT-ET
19%
AT-ET
19%
First Order All Terrain Heavy Scout
16%
First Order All Terrain Mobile Artillery
16%
First Order All Terrain Patrol Droid
16%
First Order AT-HS
16%
First Order AT-MA
16%
First Order AT-PD
16%
Galactic Empire All Terrain Construction Transport
12%
Unaffiliated All Terrain Heavy Enforcer
12%
Galactic Empire All Terrain Missile Platform
12%
Galactic Empire AT-CT
12%
Unaffiliated AT-HE
12%
Galactic Empire AT-MP
12%
Galactic Empire AT-MP Mark III
12%
Galactic Empire Cold Weather AT-MP Mark III
12%
Galactic Empire Enhanced AT-MP Walker
12%
Galactic Empire AT-KT
9%
Visler Korda's Faction Scuttler
9%
Unaffiliated All Terrain Combat Excavator
0%
Unaffiliated All Terrain Exploration and Survey Walker
0%
Galactic Empire All Terrain Force Reconnaissance Walker
0%
Unaffiliated AT-CE
0%
Unaffiliated AT-EST
0%
Galactic Empire AT-FRC
0%
No matching quizzes found
Score Distribution
Percent of People with Each Score
Percentile by Number Answered
Your Score History
You have not taken this quiz since the last reset